000
00301nam a22001337a 4500
008
171220b xxu||||| |||| 00| 0 eng d
020
_a
9780874934960
041
_a
eng
080
_a
616-008-073
100
_a
7
101
_a
NEU
245
_a
ADVANCED CARDIOVASCULAR
_c
FIELD.J.M
942
_2
udc
_c
BK
999
_c
39200
_d
39200